Library of the University of Algiers 3
Ibrahim Sultan Cheibout
شعار جامعة الجزائر 3
مكتبة جامعة الجزائر 3
إبراهيم سلطان شيبوط

قواعد المسؤولية التأديبية في ضوء أحكام المحكمة الإدارية العليا / (رقم التسجيلة. 46201)

تفاصيل مارك
000 -LEADER
fixed length control field 01630nam a2200217Ia 4500
003 - CONTROL NUMBER IDENTIFIER
control field Ost
005 - DATE AND TIME OF LATEST TRANSACTION
control field 20260507075747.0
008 - FIXED-LENGTH DATA ELEMENTS--GENERAL INFORMATION
fixed length control field 260507s9999||||xx |||||||||||||| ||und||
020 ## - INTERNATIONAL STANDARD BOOK NUMBER
International Standard Book Number 4562375977
040 ## - CATALOGING SOURCE
Transcribing agency fsecg
041 ## - LANGUAGE CODE
Language code of text/sound track or separate title ara
082 ## - DEWEY DECIMAL CLASSIFICATION NUMBER
Classification number 330
100 ## - MAIN ENTRY--PERSONAL NAME
Personal name البهي، سمير يوسف
Relator term مؤلف
245 #0 - TITLE STATEMENT
Title قواعد المسؤولية التأديبية في ضوء أحكام المحكمة الإدارية العليا /
Statement of responsibility, etc. سمير يوسف البهي
260 ## - PUBLICATION, DISTRIBUTION, ETC.
Place of publication, distribution, etc. القاهرة:
Name of publisher, distributor, etc. دار الكتب القانونية,
Date of publication, distribution, etc. 2002
300 ## - PHYSICAL DESCRIPTION
Extent 487 صفحة؛
Other physical details إيضاحات ؛
Dimensions 25 سم
520 ## - SUMMARY, ETC.
Summary, etc. الجريمة التأديبية لاتخضع لقاعدة لا جريمة بدون نص- الإطار الشرعي لحق الشكوى المسؤولية الإشرافية- ضوابط وجود المسؤولية أمناء المخازن وأرباب العهد- تصرفات العامل في حياته الخاصة كمصدر للذنب الإداري- الشروط الإجرائية للتحقيق- الإتصال بالتحقيق يكون بناء على تقارير نهائية وليست مبدئية- أعضاء الإدارات القانونية الشروط الموضوعية للتحقيق- الطعن على قرار الجزاء ميعاد الطعن وبدء سريانه- المحكمة التأديبية المختصة محليا ووظيفيا- تقرير الطعن- الإطار الشرعي للقرارات الصادرة عن مجالس التأديب.
653 ## - INDEX TERM--UNCONTROLLED
Uncontrolled term القانون الإداري
653 ## - INDEX TERM--UNCONTROLLED
Uncontrolled term المسؤولية التأديبية
942 ## - ADDED ENTRY ELEMENTS (KOHA)
Koha item type كتب
المقتنيات
Withdrawn status Lost status Source of classification or shelving scheme Damaged status Not for loan Home library Current library Date acquired Serial enumeration / chronology Inventory number Total checkouts Full call number Barcode Date last seen Price effective from Koha item type
    Library of Congress Classification   NOT LOAN / إعارة داخلية مكتبة كلية العلوم الإقتصادية والعلوم التجارية وعلوم التسيير مكتبة كلية العلوم الإقتصادية والعلوم التجارية وعلوم التسيير 07/05/2026 الطابق الأرضي 1387/1   أ/1387ن1 1387/1 07/05/2026 07/05/2026 كتب

موارد الويب المفتوحة


© University of Algiers 3 All Rights Reserved
|
Implemented by LECHELAH Riad